000 00478nam a22001937a 4500
003 OSt
005 20140310181830.0
008 130706t xxu||||| |||| 00| 0 eng d
020 _a0028631188
050 _aPE 1628
_b.Ag272 2007
082 _aREF 423
_bW39 2007
245 _aWebster's new world college dictionary
_c Michael Agnes
260 _aOhio :
_bWiley,
_cc2007
300 _a1716 p.
521 _a
541 _j1
562 _e1
942 _2lcc
_cBK-GR
_kREF
999 _c4502
_d4502